Historia de la conquista de Méjico (Record no. 2616)

MARC details
000 -CABECERA
campo de control de longitud fija 01029nam a2200253 a 4500
001 - NÚMERO DE CONTROL
campo de control BRCA_2877
005 - FECHA Y HORA DE LA ÚLTIMA TRANSACCIÓN
campo de control 20190320204018.0
008 - DATOS DE LONGITUD FIJA--INFORMACIÓN GENERAL
campo de control de longitud fija 111208s1858----fr-a---###---#000-0#spa-u
041 ## - CÓDIGO DE LENGUA
Código de lengua del texto/banda sonora o título independiente spa
044 ## - CÓDIGO DEL PAÍS DE LA ENTIDAD EDITORA/PRODUCTORA
Código MARC del país fr
050 #4 - SIGNATURA TOPOGRÁFICA DE LA BIBLIOTECA DEL CONGRESO
Número de clasificación F1230
Número de documento/Ítem .S65 1
-- 1858
100 1# - ENTRADA PRINCIPAL--NOMBRE DE PERSONA
Nombre de persona Solis y Rivadeneyra, Antonio de
Fechas asociadas al nombre 1610-1686
9 (RLIN) 8027
245 10 - MENCIÓN DE TÍTULO
Título Historia de la conquista de Méjico
Resto del título población y progresos de la América Septentrional, conocida por el nombre de Nueva España
Mención de responsabilidad, etc. escribíala don Antonio de Solis, ilustrada con notas por don José de la Revilla.
260 ## - PUBLICACIÓN, DISTRIBUCIÓN, ETC.
Lugar de publicación, distribución, etc. París
Nombre del editor, distribuidor, etc. Va. Baudry
Fecha de publicación, distribución, etc. 1858
300 ## - DESCRIPCIÓN FÍSICA
Extensión vi, 488 p.
Otras características físicas il.
Dimensiones 22 cm.
440 #0 - MENCIÓN DE SERIE/PUNTO DE ACCESO ADICIONAL--TÍTULO
Título Colección de los mejores autores españoles
Designación de volumen o secuencia tomo IV
9 (RLIN) 8028
500 ## - NOTA GENERAL
Nota general Nueva edición aumentada con un resúmen histórico, desde la rendición de Méjico hasta el fallecimiento de Hernan Cortés
500 ## - NOTA GENERAL
Nota general Ejemplar igual a C3
500 ## - NOTA GENERAL
Nota general B20
651 #4 - PUNTO DE ACCESO ADICIONAL DE MATERIA--NOMBRE GEOGRÁFICO
Nombre geográfico México
Subdivisión general Historia
9 (RLIN) 614
700 1# - PUNTO DE ACCESO ADICIONAL--NOMBRE DE PERSONA
Nombre de persona Revilla, José de la
Fechas asociadas al nombre 1800-1859
Término indicativo de función/relación Ilustrador
9 (RLIN) 8029
902 ## - CATALOGADOR
Iniciales GFM
942 ## - ELEMENTOS DE PUNTO DE ACCESO ADICIONAL (KOHA)
Fuente del sistema de clasificación o colocación Library of Congress Classification
Tipo de ítem Koha Libros
Holdings
Estado de retiro Estado de pérdida Estado dañado No para préstamo Localización permanente Ubicación/localización actual Fecha de adquisición Número de inventario Total de préstamos Signatura topográfica completa Código de barras Fecha visto por última vez Precio válido a partir de Tipo de ítem Koha
El ejemplar forma parte de la colección y puede ser consultado según las políticas vigentes.       Biblioteca del Museo Franz Mayer (Rogerio Casas-Alatriste) Biblioteca del Museo Franz Mayer (Rogerio Casas-Alatriste) 11/12/2008 B20   F1230 .S65 1 1858 (B20) 2874 22/03/2019 22/03/2019 Libros